01563nam a2200385 a 4500001001100000003000800011006001900019007001500038008004100053010001700094020003300111040002100144035002000165050002600185082002000211100002000231245013400251260003600385300001600421504005100437533015200488650005500640650004200695650003800737650004000775650003600815650002700851650004100878651003500919651003700954655002900991710001701020856012501037999001501162ebr5004868CaPaEBRm u cr cn|||||||||010322s2001 mau sb 001 0 eng  z 2001001771 z0807050105 (hc : alk. paper) aCaPaEBRcCaPaEBR a(OCoLC)7076373214aE185.615b.P73 2001eb04a305.8/009732211 aPrashad, Vijay.10aEverybody was Kung Fu fightingh[electronic resource] :bAfro-Asian connections and the myth of cultural purity /cVijay Prashad. aBoston :bBeacon Press,cc2001. axii, 216 p. aIncludes bibliographical references and index. aElectronic reproduction.bPalo Alto, Calif. :cebrary,d2013.nAvailable via World Wide Web.nAccess may be limited to ebrary affiliated libraries. 0aAfrican AmericansxRelations with Asian Americans. 0aAfrican AmericansxSocial conditions. 0aAfrican AmericansxRace identity. 0aAsian AmericansxSocial conditions. 0aAsian AmericansxRace identity. 0aRacismzUnited States. 0aRacexSocial aspectszUnited States. 0aUnited StatesxRace relations. 0aUnited StatesxEthnic relations. 7aElectronic books.2local2 aebrary, Inc.40uhttp://site.ebrary.com/lib/rucke/Doc?id=5004868zAn electronic book accessible through the World Wide Web; click to view c1417d1417